00210nam a2200085 a 450000500170000000800410001705000240005810000260008224500160010820140414131957.0110209s19uu xx 00 eng d aTR 551.55bM36 2006 aMartin, Justin McCory aTornadoes!.